000 00810ntm a22002057a 4500
005 20170809144011.0
008 170802s2013 xx a frb 000 0 eng d
040 _aEG-ScBUE
_beng
_cEG-ScBUE
082 0 4 _222
_a624
_bDES
245 0 0 _aDesign project : tender for the technological services center for the Egyptian post /
_cby Ahmed Nader Ahmed Tawfik; (et al.).
260 _c2013.
300 _a101 p. :
_bill. (col.) ;
_c28 cm.
500 _aA disgn project submitted to the faculty of engineering, the British university in Egypt in partial fulfillment of the requirements for the bachelor degree in civil engineering.
590 _aAngham.
650 7 _2BUEsh
_aCivil Engineering
_vProjects
653 _bENGCIV
_cAugust2017
655 _vSPRO
700 1 _aTawfik, Ahmed Nader Ahmed.
942 _2ddc
999 _c25395
_d25367